• 首页
  • 本馆介绍
  • 公告通知
  • 最新文献
  • 馆藏检索
  • 电子资源
  • 读者导购
  • 参考咨询
  • 我的图书馆
  • 登录
  • 详细信息显示
  • 放入我的书架
  • 预约/预借图书
  • 作者相关作品
  • 分类相关作品
  • 丛书相关作品
  • 出版社相关作品

书目信息

  • 表格格式
  • 工作单格式
  • 卡片格式
题名:
原始社会简史
    
 
作者: 余继林 著
分册: 上  
出版信息: 成都   四川人民出版社  1981
页数: 252页
开本: 19cm
丛书名:
单 册:
中图分类: K21
科图分类:
主题词: 中国--古代史--原始社会 , 原始社会--史料
电子资源:
ISBN:
000 00650nam0 2200241 45
001 0181009483
005 20060817172829.53
010    @dCNY0.60
091    @a11118.66
100    @a19950626d1981 emky0chiy0121 ea
101 0  @achi
102    @aCN@b510000
105    @ay z 000yy
200 10 @a原始社会简史@h上@Ayuan shi she hui jian shi@f余继林著
210    @a成都@c四川人民出版社@d1981
215    @a252页@d19cm
606 0  @a中国@x古代史@x原始社会
606    @a原始社会@x史料
690    @aK21@v3
701  0 @a余继林@Ayu ji lin@4著
801  0 @aCN@b上海图书馆@c20060817
801  2 @aCN@bNLC@c20060813
905    @dK21@e2:1@f1@b75564@b75567@f1
    
    原始社会简史.上/余继林著.-成都:四川人民出版社,1981
    252页;19cm
    
    
    ISBN :CNY0.60
    
●
相关链接 在E读中查询图书 在五车中查询图书 在当当中查询图书 在豆瓣中查询图书


正题名:原始社会简史     索取号:K21/2:1         预约/预借

序号 登录号 条形码 馆藏地/架位号 状态 备注
1 0075563   001856548   密集书库/ [索取号:K21/2:1] 在馆    
2 0075564   001875180   密集书库/ [索取号:K21/2:1] 在馆    
3 0075565   001277095   第二借阅区/ [索取号:K21/2:1] 在馆    
4 0075566   001277086   第二样本阅览室/ [索取号:K21/2:1] 在馆    
5 0075567   001875224   密集书库/ [索取号:K21/2:1] 在馆    
6 0456214   204562142   密集书库/ [索取号:K21/2:1] 在馆    
7 0456215   204562151   密集书库/ [索取号:K21/2:1] 在馆    
8 0456216   204562160   密集书库/ [索取号:K21/2:1] 在馆    
9 0456217   204562179   密集书库/ [索取号:K21/2:1] 在馆    
10 0466388   204663881   密集书库/ [索取号:K21/2:1] 在馆    
唐山师范学院图书馆 欢迎您!
大连网信软件有限公司© 版权所有